00709nam a2200217 a 450000100060000000300080000600500170001400800410003103500190007204000300009104100080012108200210012910000200015024500910017026000310026130000380029250400410033060000370037165000390040865100440044723669BD-RjUL20211209000946.0140311s1969 enkacf b 001 0beng  a(BD-RjUL)23734 aLCbengcLCdVSCdBD-RjUL aeng04a923.47bFEF 19691 aFeaver, George.10aFrom status to contract :ba biography of Sir Henry Maine, 1822-1888 /cGeorge Feaver. aLondon :bLongmans,c1969. axx, 366 p., 9 p. plates ;c23 cm. aBibliography: p. 331-346. and index.10aMaine, Henry Sumner,d1822-1888. 0aLawyerszGreat BritainxBiography. 0aGreat BritainxPolitics and government.